Waltercio Caldas / (Record no. 875)

MARC details
000 -LEADER
campo de control de longitud fija 01059cam a2200301 a 4500
001 - NÚMERO DE CONTROL
campo de control 12943824
005 - FECHA Y HORA DE LA ÚLTIMA TRANSACCIÓN
campo de control 20220326193344.0
008 - DATOS DE LONGITUD FIJA--INFORMACIÓN GENERAL
campo de control de longitud fija 020411s2001 bl a b 001 0 por
010 ## - NÚMERO DE CONTROL DE LA BIBLIOTECA DEL CONGRESO
Número de control de LC 2002370022
020 ## - NÚMERO INTERNACIONAL ESTÁNDAR DEL LIBRO
Número Internacional Estándar del Libro 8586374709
035 ## - NÚMERO DE CONTROL DEL SISTEMA
Número de control de sistema (DLC) 2002370022
040 ## - FUENTE DE CATALOGACIÓN
Centro catalogador/agencia de origen DLC
Centro/agencia transcriptor DLC
041 0# - CÓDIGO DE IDIOMA
Código de lengua del texto/banda sonora o título independiente poreng
042 ## - CÓDIGO DE AUTENTICACIÓN
Código de autenticación lcode
082 ## - NÚMERO DE LA CLASIFICACIÓN DECIMAL DEWEY
Número de clasificación 701.18
Número de ítem C145w
100 1# - ENTRADA PRINCIPAL--NOMBRE DE PERSONA
Nombre de persona Duarte, Paulo Sérgio.
9 (RLIN) 2440
245 10 - MENCIÓN DEL TÍTULO
Título Waltercio Caldas /
Mención de responsabilidad, etc. texto de Paulo Sergio Duarte.
260 ## - PUBLICACIÓN, DISTRIBUCIÓN, ETC.
Lugar de publicación, distribución, etc. São Paulo, SP :
Nombre del editor, distribuidor, etc. Cosac & Naify,
Fecha de publicación, distribución, etc. c2001.
300 ## - DESCRIPCIÓN FÍSICA
Extensión 303 p. :
Otras características físicas ill. (col.) ;
Dimensiones 30 cm.
504 ## - NOTA DE BIBLIOGRAFÍA, ETC.
Nota de bibliografía, etc. Includes bibliographical references (p.296-303) and index.
546 ## - NOTA DE IDIOMA
Nota de lengua/lenguaje Portuguese and English.
600 10 - PUNTO DE ACCESO ADICIONAL DE MATERIA--NOMBRE DE PERSONA
Nombre de persona Caldas Júnior, Waltércio,
Fechas asociadas al nombre 1946-
Subdivisión general Criticism and interpretation.
9 (RLIN) 4814
600 10 - PUNTO DE ACCESO ADICIONAL DE MATERIA--NOMBRE DE PERSONA
Nombre de persona Caldas Júnior, Waltércio,
Fechas asociadas al nombre 1946-
Subdivisión general Crítica e interpretación
9 (RLIN) 4815
650 ## - PUNTO DE ACCESO ADICIONAL DE MATERIA--TÉRMINO DE MATERIA
Término de materia o nombre geográfico como elemento de entrada Arte Moderno
Subdivisión geográfica Brasil
9 (RLIN) 3029
700 1# - ENTRADA AGREGADA--NOMBRE PERSONAL
Nombre de persona Caldas Júnior, Waltércio,
Fechas asociadas al nombre 1946-
9 (RLIN) 4816
906 ## - ELEMENTOS DE DATOS F LOCAL, LDF (RLIN)
a 7
b cbc
c origode
d 2
e ncip
f 20
g y-gencatlg
Holdings
Estatus retirado Estado de pérdida Fuente del sistema de clasificación o colocación Estado de daño No para préstamo Biblioteca de origen Biblioteca actual Ubicación en estantería Fecha de adquisición Total de préstamos Signatura topográfica completa Código de barras Visto por última vez Precio de reemplazo Tipo de ítem Koha
    Clasificación Decimal Dewey     Biblioteca LadoV Biblioteca LadoV   29/02/2016   701.18 C145w 000646 29/02/2016 29/02/2016 Material 01